000 01304nam a2200313 i 4500
005 20231127103129.0
008 231122s2023 my g 000 0dmay d
020 _a9789672456605
_cRM40.00
_qpaperback
040 _aPPAK
_beng
_cPPAK
_erda
082 0 4 _223
_a899.233010803
090 0 0 _a899.233010803
_bKAR
_dG
245 0 0 _aKARYA GURU MALAYSIA SEMPENA HARI GURU 2021 :
_bMARI BERKARYA.
_n8,
_pguru & murid berpisah tiada.
_nJILID 2 /
_cPenyelenggara: SITI AMIZA ABDUL AZIZ, WAN SALAHUDIN WAN ABDULLAH, SITI SARAH INSYIRAH ABD RASHID, ZULAIKAH BEGAM T. BAVUTTY ; Editor MK Riza
264 1 _aCyberjaya, Selangor :
_bMajlis Buku Kebangsaan Malaysia, Kementerian Pendidikan Malaysia,
_c2023
300 _a1 volume :
_c23 cm
336 _atext
_2rdacontent
337 _aunmediated
_2rdamedia
338 _avolume
_2rdacarrier
650 1 0 _aShort stories, Malay
650 2 4 _aMalaysian fiction (Malay)
650 2 0 _aLiterature and State
650 2 0 _aLiterature and Society
650 2 0 _aSociolinguistics
700 0 _aSiti Amiza Abdul Aziz,
_eeditor.
700 0 _aWan Salahudin Wan Abdullah,
_eeditor.
700 0 _aSiti Sarah Insyirah Abd Rashid,
_eeditor.
700 0 _aZulaikah Begam T. Bavutty,
_eeditor.
700 0 _aMK Riza,
_eeditor.
942 _2ddc
_cB
999 _c193745
_d193745